00638cam a22002051 4500001001300000003000400013005001700017008004100034010001700075035002000092040003200112042001200144050001600156100003900172245010900211260004400320300002700364650002600391999001500417af 48003753 DLC20260227110904.0890210s1941 gw a 000 0 ger c aaf 48003753  a(OCoLC)19169439 aYale Univ. LibrarycCUdDLC apremarc00aPN6195b.Z41 aZglinitzki, Prusz von,d1884-1957.10a"und alles wegen Evas Äpfelchen!"c[Von] Peter Purzelbaum [pseud.] Zeichnungen von Fritz Schönpflug. aMühlhausen,bBergwald-Verlagc[c1941] a159 p.billus.c19 cm. 0aGerman wit and humor. c5757d5757